000 01123nam a22002537a 4500
005 20240530110459.0
008 150620s2011 ua g b 000 0 ara d
017 _a2010/23551
_bمصر . دار الكتب المصرية
040 _aEG-CaGPL
082 0 4 _221
_a200.9727\
_bإ ن
100 0 _aاسماعيل حامد
245 1 0 _aنساء الانبياء :
_bدراسة تاريخية دينية عن حياة امهات و زوجات و بنات انبياء الله و رسله /
_cتاليف اسماعيل حامد
250 _aط1
260 _aالقاهرة :
_bمكتبة النافذة ،
_c2011 .
300 _a268 ص ؛
_c24 سم
504 _aببليوجرافية : ص 253 - 262
650 0 4 _aالمرأة
_xتراجم
650 0 4 _aزوجات الانبياء
_xمن ادم الى الرسول محمد
650 0 4 _aزوجات الانبياء
_xتراجم
650 0 4 _aزوجات الفنبى عليه الصلاة و السلام
_xتراجم
650 0 4 _aزوجات الفنبى عليه الصلاة و السلام
942 _2ddc
_cBK
999 _c61432
_d61432